Statistics for 15 Largest Cities in South Korea🇰🇷

Click here to take the quiz!

General Stats

  • This quiz has been taken 35 times
  • The average score is 6 of 15

Answer Stats

PopulationCity% Correct
10.3 milSeoul
100%
3.6 milBusan
97%
2.5 milDaegu
91%
2.6 milIncheon
91%
1.4 milGwangju
64%
1.4 milDaejeon
58%
962kUlsan
52%
711kJeonju
18%
1 milGoyang-si
9%
650kAnsan-si
6%
634kAnyang-si
6%
850kBucheon-si
6%
634kCheongju-si
6%
1 milSeongnam-si
6%
1.2 milSuwan
3%

Score Distribution

Percentile by Number Answered

Percent of People with Each Score

Your Score History

You have not taken this quiz